300 Word Method German - Statistics

General Stats
  • This quiz has been taken 27 times
  • The average score is 101 of 300
Answer Stats
German English % Correct
wie as/how/like
92%
für for
92%
haben have
92%
er he
92%
ich I
92%
ist is
92%
mit with
92%
sie you/they/she
92%
heiß hot
83%
es it
83%
ein one/a/an
83%
dass that
83%
drei three
83%
zeit time
83%
und and
75%
sein be
75%
groß big/large
75%
aber but
75%
wenn if/when
75%
in in
75%
auf on
75%
spielen play
75%
sagte said
75%
sagen tell/say
75%
die the/which/who
75%
was what
75%
Wort word
75%
durch by/through
67%
kommen come
67%
tag day
67%
seine his
67%
alt old
67%
oder or
67%
klein small
67%
ihre their/your
67%
wir we
67%
wo where
67%
schreiben write
67%
alle all
58%
sind are
58%
junge boy
58%
können can/may
58%
vater father
58%
essen food/eat
58%
formular form
58%
aus from/off/out
58%
hatte had
58%
haus house
58%
leben live
58%
lange long
58%
mutter mother
58%
viel much
58%
meine my
58%
name name
58%
nicht no
58%
sehen see
58%
zu to/too
58%
zwei two
58%
unter under
58%
wollen want
58%
war was
58%
arbeit work
58%
jahr year
58%
über about/over
50%
luft air
50%
buch book
50%
stadt city
50%
tun do
50%
fisch fish
50%
vier four
50%
freund friend
50%
geben give
50%
hier here
50%
lernen learn
50%
machen make
50%
muss must
50%
neu new
50%
andere other
50%
unsere our
50%
lesen read
50%
recht right
50%
schule school
50%
studie study
50%
sonne sun
50%
dies this
50%
wasser water
50%
auch also
42%
tier animal
42%
antwort answer
42%
fragen ask
42%
bei at
42%
zuhause at home
42%
tut does
42%
jeder each/any/everyone
42%
ende end
42%
erste first
42%
hat has
42%
kopf head
42%
hören hear
42%
hoch high
42%
hundert hundred
42%
lande land
42%
links left
42%
licht light
42%
linie line
42%
mehr more
42%
nacht night
42%
jetzt now
42%
von of
42%
nur only/just
42%
bild picture
42%
punkt point/dot
42%
so so
42%
dann then
42%
denken think
42%
baum tree
42%
uns us
42%
sehr very
42%
waren were
42%
warum why
42%
werden will
42%
akt act
33%
nach after
33%
immer always
33%
vor before
33%
begann began
33%
bauen build
33%
kam came
33%
auto car
33%
kinder children
33%
könnte could
33%
land country
33%
familie family
33%
finden find
33%
folgen follow
33%
hilfe help
33%
ihm him
33%
pferd horse
33%
idee idea
33%
wissen know
33%
spät late
33%
gemacht made
33%
mann man
33%
marke mark
33%
mir me
33%
musik music
33%
in der Nähe von near
33%
einmal once
33%
papier paper
33%
menschen people
33%
selbst self
33%
einige some
33%
stehen stand
33%
start start
33%
stopp stop
33%
nehmen take
33%
diese these
33%
weg way
33%
weiß white
33%
welt world
33%
wieder again
25%
beginn begin
25%
schwarz black
25%
veränderung change
25%
klasse class
25%
hund dog
25%
eben even
25%
auge eye
25%
bauernhof farm
25%
gefunden found
25%
gruppe group
25%
wenig little/few
25%
suchen look
25%
bedeuten mean
25%
männer men
25%
berg mountain
25%
nie never
25%
norden north
25%
oft often
25%
teil part
25%
ort place/location
25%
hafen port
25%
presse press
25%
setzen put
25%
realen real
25%
zimmer room
25%
laufen run
25%
meer sea
25%
satz set/sentence
25%
sollte should
25%
seite side/page
25%
buchstabieren spell
25%
da there
25%
zusammen together
25%
versuchen try
25%
gut well
25%
jung young
25%
basis base
17%
zwischen between
17%
vogel bird
17%
beide both
17%
anruf call
17%
überqueren cross
17%
direkt direct
17%
erde earth
17%
fûße feet
17%
mädchen girl
17%
schwer hard
17%
haupt main
17%
am meisten most
17%
müssen need
17%
nächste next
17%
geöffnet open
17%
produkt product
17%
rot red
17%
runde round
17%
gleich same
17%
wissenschat science
17%
zweite second
17%
zeigen show
17%
lied song
17%
geschichte story
17%
sache thing
17%
gedanken thought
17%
ging went
17%
wind wind
17%
hinzufügen add
8%
anlage attachment
8%
gewesen been
8%
körper body
8%
tragen carry
8%
schließen close
8%
farbe color
8%
abdeckung cover
8%
schnitt cut
8%
tat did
8%
abweichen differ
8%
nach unten downward
8%
genug enough
8%
beispiel example
8%
gesicht face
8%
seits hands
8%
wiederum in turn
8%
art kind
8%
letzte last
8%
lassen let
8%
buchstabe letter
8%
brief letter
8%
liste list
8%
niedrig low
8%
macht might
8%
besitzen own
8%
pose pose
8%
anzahl quantity
8%
frage question
8%
bereit ready
8%
erhalten receive
8%
rück return
8%
fluss river
8%
säge saw
8%
kurz short
8%
klingen sound
8%
noch still
8%
sicher sure
8%
als than
8%
nahm took
8%
nach oben upward
8%
verwendung use
8%
gehen walk
8%
während while
8%
holz wood
8%
würde would
8%
oben above
0%
pflege care
0%
ursache cause
0%
unterlassen sie don't
0%
tür door
0%
ziehen draw
0%
erleichtern ease/facilitate
0%
je ever
0%
weit far
0%
fühlen feel
0%
bekam got
0%
wachsen grow
0%
halten keep
0%
verlassen leave
0%
vortrag lecture
0%
messen measure
0%
meile mile
0%
umzug move
0%
zahl numeral
0%
ebene plain
0%
scheinen seem
0%
bald soon
0%
zustand status
0%
diejenigen those
0%
obwohl though
0%
bis until
0%
üblich usual
0%
beobachten watch
0%
No matching quizzes found
Score Distribution
Percent of People with Each Score
Percentile by Number Answered
Your Score History
You have not taken this quiz